Sức bật : Cách vượt qua thử thách = Bounce

Những bí quyết để vượt qua những trở ngại trong cuộc sống, giúp bạn trở nên kiên cường hơn để đương đầu với những thách thức trong cuộc sống

Saved in:
Bibliographic Details
Main Author: Hasson, Gill
Format: Book
Language:Undetermined
Published: Thanh Hóa Nxb. Thanh Hóa 2016
Subjects:
Tags: Add Tag
No Tags, Be the first to tag this record!
Institutions: Trung tâm Học liệu Trường Đại học Cần Thơ
LEADER 00893nam a2200217Ia 4500
001 CTU_238649
008 210402s9999 xx 000 0 und d
020 |c 72000 
082 |a 155.24 
082 |b H355 
100 |a Hasson, Gill 
245 0 |a Sức bật : 
245 0 |b Cách vượt qua thử thách = Bounce 
245 0 |c Gill Hasson, Sue Hadfield ; Ngọc Tuấn (dịch) 
260 |a Thanh Hóa 
260 |b Nxb. Thanh Hóa 
260 |c 2016 
520 |a Những bí quyết để vượt qua những trở ngại trong cuộc sống, giúp bạn trở nên kiên cường hơn để đương đầu với những thách thức trong cuộc sống 
650 |a Khả năng thích ứng (Tâm lý học),Adaptability (Psychology) 
910 |b nthai 
980 |a Trung tâm Học liệu Trường Đại học Cần Thơ